000 00567ntaaa2200217 4500
003 01
005 20251027202621.0
008 0714s1973 ag 01
020 _a8427707088
040 _aAR-BaBN
_bspa
_cAR-BaBN
_eaacr
_dRIC
082 _a370.1930 M36a
100 _aMartínez Muñiz, Baudilio
_925468
245 _aLa ayuda psicopedagógica
250 _a1 ed.
260 _aMadrid :
_bNarcea,
_c1986
300 _a115 p ;
_c21 cm
500 _aContiene bibliografía
650 _aeducación-pedagogía
_91022
650 _aeducación-sociologia
942 _cBK
999 _c21310
_d21310